| 000 | 01640nam a2200301 a 4500 | ||
|---|---|---|---|
| 001 | BRCA_2408 | ||
| 005 | 20190320203808.0 | ||
| 008 | 121108s1735----sp-a---###---#000-0#spa-u | ||
| 041 | _aspa | ||
| 044 | _asp | ||
| 084 |
_a049 _b.S269 _c1735 |
||
| 100 | 1 |
_aCervantes Saavedra, Miguel de _d1547-1616 _9213 |
|
| 245 | 1 | 0 |
_aVida y hechos del Ingenioso Cavallero Don Quixote de la Mancha _cpor Miguel de Cervantes Saavedra. |
| 260 |
_aMadrid _bAntonio Sanz _c1735 |
||
| 300 |
_a2 v. _bil. _c22 cm. |
||
| 500 | _aContenido : v 1. Primera parte. Dedicatoria de Cide Hamete Benengeli. Licencia. Tasa. Prólogo del autor. -- v 2. Segunda parte. Poesí0as de los académicos de Argamasilla. Aprobación. Prólogo del autor | ||
| 500 | _aEdición : Nueva edición corregida ilustrada y añadida en esta última. Original de su autor con 44 láminas muy apropiadas a la materia | ||
| 500 | _aCopia del LO-048 con algunas correcciones. También suprime las dedicatorias y los versos preliminares. La parte tipográfica y las láminas dejan mucho que desear. Con todo, tiene el mérito de ser la primera edición que no lleva estampadas las tildes de supresión de n y de e. Pergamino Lúdovik Osterc | ||
| 500 | _aEstado físico : La cubuerta está desprendiendose en el volúmen 2 | ||
| 500 | _aQM35 | ||
| 650 | 1 | 4 |
_aNovela española _yÉpoca clásica, 1500-1700 _9215 |
| 650 | 1 | 4 |
_aLiteratura española _yÉpoca clásica, 1500-1700 _9216 |
| 650 | 1 | 4 |
_aNovela española _ySiglo XVII _9217 |
| 650 | 1 | 4 |
_aDon Quijote (Personaje ficticio) _eNovela _9218 |
| 740 | 0 | _aEl Ingenioso Hidalgo Don Quijote de la Mancha | |
| 902 | _aQFM | ||
| 942 |
_2lcc _cB |
||
| 999 |
_c2149 _d2149 |
||